Losowe flagi państw - Statystyki

Ogólne statystyki
  • Ten quiz został rozwiązany 93 razy
  • Średni wynik to 11 z 16
Statystyki odpowiedzi
Obrazkowy Odpowiedź % Poprawnych
Słowacja
96%
Czarnogóra
94%
Kenia
90%
Irak
87%
Malezja
78%
Seszele
78%
Barbados
76%
Lesotho
68%
Mjanma
63%
Belize
62%
Antigua i Barbuda
60%
Burkina Faso
60%
Dżibuti
57%
Tuvalu
51%
Wyspy Salomona
50%
Sierra Leone
44%
Nie znaleziono quizów pasujących do podanych kryteriów
Rozkład punktacji
Procent ludzi z każdym wynikiem
Percentyl według liczby udzielonych odpowiedzi
Twoja historia wyników
Nie rozwiązałeś tego quizu